Statistics for UBM (Ultimate Beastmaster) Trivia

Click here to take the quiz!

General Stats

  • This quiz has been taken 5 times
  • The average score is 9 of 12

Answer Stats

HintAnswer% Correct
Name a Season 2 American hostChris Distefano | Tiki Barber
100%
Winner of Season 2Haibin Qu
100%
New element that boosts your pointsMega Thruster
100%
Last finalistAlberto Gotta
75%
Winner of Season 3Corbin Mackin
75%
Only country without a finalistJapan
75%
First obstacle on Level 1The Grinder
75%
Winner of Season 1Felipe Camargo
50%
First person to complete Level 3Hector Martinez
50%
Last obstacle on Level 4High Voltage
50%
Fourth obstacle on Level 1Hyper Jump
50%
Japanese Sasuke championYuji Urushihara
50%

Score Distribution

Percentile by Number Answered

Percent of People with Each Score

Your Score History

You have not taken this quiz